000
00256nam a2200097Ia 4500
001
683670
005
20250826161443.0
008
250824s9999 xx 000 0 und d
245
0
_a
TOPLUM PSİKOLOJİSİ VE EMPATİ
_c
NEVZAT TARHAN
260
_b
TİMAŞ YAYINLARI
999
_c
683670
_d
683670